Mystery Taylor Swift Song #2 (stanza format) - Statistics

General Stats
  • This quiz has been taken 3,828 times
    3,571 since last reset
  • The average score is 73 of 180
Answer Stats
Song % Correct
a
96%
I
94%
You
94%
you
94%
an
90%
love
90%
the
85%
me
84%
me)
84%
and
82%
be
78%
We
77%
your
77%
Who
75%
to
70%
Do
69%
it
68%
it?
68%
Midnights
68%
you're
68%
(You're
68%
My
67%
in
66%
can
62%
fear
61%
know
61%
say
60%
(say
60%
her
59%
is
59%
would
59%
don't
58%
were
58%
I'm
57%
that
57%
for
56%
this
55%
of
54%
all
52%
at
52%
losin'
52%
can't
51%
was
51%
if
50%
it's
50%
have
49%
How
49%
Stop
49%
(stop)
49%
(stop
49%
stop)
49%
as
48%
heart
48%
too
48%
what
48%
'cause
47%
('cause
47%
they
47%
with
47%
won't
47%
but
46%
could
46%
time
46%
now
45%
see
45%
just
42%
did
41%
understand
41%
anymore
40%
find
40%
start
40%
best
39%
loved
39%
thing
39%
Every
38%
from
38%
got
38%
(got
38%
wouldn't
38%
only
37%
or
37%
out
37%
pulse
37%
You're Losing Me
37%
come
36%
thought
36%
Always
35%
gone
35%
light
34%
long
34%
back
33%
people
33%
something
33%
something)
33%
tell
33%
wanted
33%
babe
32%
even
32%
keep
32%
marry
32%
room
32%
sad
32%
song
32%
cure
31%
dark
31%
either
31%
pleaser
31%
Remember
31%
sit
31%
down
30%
everything
30%
eyes
30%
gave
30%
life?
30%
nothing
30%
nothing)
30%
wonder
30%
ashes
29%
far
29%
getting
29%
lookin'
29%
party
29%
someone
29%
through
29%
throw
29%
tired
29%
army
28%
built
28%
pathological
28%
phoenix
28%
risin'
28%
'Til
28%
believe
27%
dyin'?
27%
Fighting
27%
ignore
27%
Lose
27%
might
27%
endless
26%
final
26%
blow
25%
bring
25%
gashes
25%
me's
25%
sick
25%
soldier
25%
bleed
24%
empathy
24%
Frontlines
24%
Mendin'
24%
risk
24%
tried
24%
until
24%
admit
23%
bravest
23%
face
23%
mornin'
23%
thinkin'
23%
dealt
22%
gray
22%
storms
22%
Choose
21%
choosin'
21%
Unless
21%
bit
20%
nails
20%
pain
20%
air
19%
fadin'
19%
glared
19%
hallway
19%
quick
19%
such
19%
runnin'
18%
signals
18%
imposition
17%
indecision
17%
loss
17%
sent
17%
thick
17%
No matching quizzes found
Score Distribution
Percent of People with Each Score
Percentile by Number Answered
Your Score History
You have not taken this quiz since the last reset